Balagha as an instrument of Qur'an interpretation : a study of al-Kashshaf /
Saved in:
| 主要作者: | |
|---|---|
| 格式: | Thesis |
| 語言: | English |
| 出版: |
London :
School of Oriental and African Studies, University of London,
1999
|
| 主題: | |
| 在線閱讀: | Click here to view 1st 24 pages of the thesis. Members can view fulltext at the specified PCs in the library. |
| 標簽: |
添加標簽
沒有標簽, 成為第一個標記此記錄!
|
| LEADER | 018980000a22003490004500 | ||
|---|---|---|---|
| 001 | 181769 | ||
| 005 | 20230525062610.0 | ||
| 008 | 199901s1999 my g 0 0 eng d | ||
| 035 | |a (Sirsi) 181769 | ||
| 040 | |a UIAM |b eng |e rda | ||
| 050 | 0 | 0 | |a BP131.3R5 |
| 100 | 1 | |a Badri Najib Zubir, |e author |9 32697 | |
| 245 | 1 | 0 | |a Balagha as an instrument of Qur'an interpretation : |b a study of al-Kashshaf / |c by Badri Najib Zubir |
| 264 | 1 | |a London : |b School of Oriental and African Studies, University of London, |c 1999 | |
| 300 | |a 354 pages ; |c 30 cm. | ||
| 336 | |2 rdacontent |a text | ||
| 337 | |2 rdamedia |a unmediated | ||
| 338 | |2 rdacarrier |a volume | ||
| 502 | |a Thesis (Ph. D.)--School of Oriental and African Studies, University of London, 1999. | ||
| 504 | |a Includes bibliographical references (p. 343-354). | ||
| 600 | 1 | 0 | |a Zamakhshari, Mahmud ibn 'Umar, |d 1075-1144. |t Kashshaf |9 27894 |
| 630 | 0 | 0 | |a Qur'an |x Language, style |9 1724 |
| 630 | 0 | 0 | |a Qur'an |x Commentaries History and criticism |9 35083 |
| 650 | 0 | |a Arabic language |x Rhetoric |9 17882 | |
| 655 | 0 | 7 | |a Theses, IIUM foreign |9 13634 |
| 856 | 4 | |u https://lib.iium.edu.my/mom/services/mom/document/getFile/qDXrnFvLiXIo2yubQsVd8viW91LrZO6h20091027092553593&ext=.pdf |z Click here to view 1st 24 pages of the thesis. Members can view fulltext at the specified PCs in the library. | |
| 900 | |a abu-nan-arf | ||
| 942 | |2 lcc |n 0 | ||
| 999 | |c 431369 |d 462860 | ||
| 952 | |0 0 |6 T BP 000131.3 R5 B138B 1999 |7 0 |8 THESES |9 751120 |a IIUM |b IIUM |c MULTIMEDIA |g 0.00 |o t BP 131.3 R5 B138B 1999 |p 00000606040 |r 2017-10-17 |t 1 |v 0.00 |y THESIS | ||
| 952 | |0 0 |6 T BP 000131.3 R5 B138B 1999 |7 0 |8 THESES |9 751121 |a IIUM |b IIUM |c MULTIMEDIA |g 0.00 |o t BP 131.3 R5 B138B 1999 |p 11100334564 |r 2017-10-17 |t 2 |v 0.00 |y THESIS | ||
| 952 | |0 0 |6 TS CDF BP 131.3 R5 B138B 1999 |7 0 |8 THESES |9 801888 |a IIUM |b IIUM |c MULTIMEDIA |g 0.00 |o ts cdf BP 131.3 R5 B138B 1999 |p 00011290947 |r 2017-10-26 |t 1 |v 0.00 |y THESISDIG | ||
